00506cam a22002171 4500001001300000003000400013005001700017008004100034010001700075025001900092035002000111040002100131042001200152050001900164245001900183260001100202300001800213500001400231650002600245999001700271sa 68002602 DLC20260227112445.0950117s1966 ii 000 1 tamo  asa 68002602  aPL480:I-T-2001 a(OCoLC)31829383 aDLCcCUdCUdDLC apremarc00aPL4758.8b.K3300aKataik koṭi. c[1966] a98 p.c18 cm. aIn Tamil. 0aShort stories, Tamil. c78855d78855